000 00363nam a2200169Ia 4500
005 20240716163415.0
008 240716s9999 xx 000 0 und d
020 _a9788174113979
082 _a891.45309
082 _bRAN
100 _aBibudharanjan
245 0 _aPanchatantra
260 _bPuri, Prajnaloka
260 _c2016
300 _a192
942 _cTB
999 _c8331
_d8331